000 00278nam a22001337a 4500
003 SGT
082 _a617.43
_bE17Z
100 _aZEBA, SAHA
245 _aEFFICACY OF LYCOPENE ANEL SPIRULILA
260 _aSGTU
_c2017
300 _a83
650 _aOMR DENTAL
942 _2ddc
_cTH
999 _c20626
_d20626